LEADER 01298nam a2200277 i 4500 001 000000080946 003 CaOOAMICUS 005 20171113000000.0 008 171113s1980 it u000 u ita u 013 $a53184 040 $aSeMil$bita 100 1 $aRicoeur, Paul,$d<1913-2005>.$0(OLS)http://semarc/name/675 245 10$aTradizione o alternativa :$btre saggi su ideologia ed utopia /$cPaul Ricoeur ; con un saggio introduttivo di Giuseppe Grampa. 260 $aBrescia :$bMorcelliana,$c1980. 300 $a145 p. ;$c23 cm. 490 0 $aLe scienze umane : scienze dei fenomeni umani e dei processi di civilizzazione 650 4$aErmeneutica filosofica.$0(OLS)http://semarc/subject/5404 650 4$aUtopia.$0(OLS)http://semarc/subject/2259 650 4$aIdeologia - Concetto.$0(OLS)http://semarc/subject/16042 700 1 $aGrampa, Giuseppe ,$d<1942- >.$0(OLS)http://semarc/name/1467 830 3$aLe scienze umane.$0(OLS)http://semarc/title/8591 850 $aSeMil 852 $aSeMil$W1$xVenegono$y1$m2P VI 233$j46300$B46300$CSeMilBibl$Z2$F48543 $81 961 $aRecupero: Seminario di Seveso 996 $6245$aTradizione o alternativa :$btre saggi su ideologia ed utopia$9(OLS)http://semarc/title/404251 996 $6260$aBrescia :$bMorcelliana$9(OLS)http://semarc/publisher/29629 LEADER 01116nam a2200265 i 4500 001 000000029787 003 CaOOAMICUS 005 20221111145605.0 008 180830s1932 it u000 u ita u 040 $aSeMil$bita 100 1 $aPrat, Ferdinand .$0(OLS)http://semarc/name/3556 245 13$aLa teologia di San Paolo /$cF. Prat ; traduzione autorizzata dalla 7. edizione francese del sac. Giulio Albera. 264 1$aTorino :$bSEI,$c1932. 300 $a2 v. ;$c22 cm. 490 1 $aNuova biblioteca del clero 650 4$aTeologia biblica - NT - Lettere di Paolo.$0(OLS)http://semarc/subject/1087 650 4$aPaolo - Teologia.$0(OLS)http://semarc/subject/1088 700 1 $aAlbera, Giulio,$c.$0(OLS)http://semarc/name/5190 774 0 $tParte prima.$w()198892 774 0 $tParte seconda.$w()229145 830 0$aNuova biblioteca del clero.$0(OLS)http://semarc/title/8244 941 1 $a3 996 $6245$aLa teologia di San Paolo$9(OLS)http://semarc/title/14130 996 $6264$aTorino :$bSEI$9(OLS)http://semarc/publisher/29848